000 00427nam a2200157 i 4500
001 bg
100 1 _aOSYCZKA, Andrzej
245 0 _aOrganizacja i optymalizacja procesów w przedsiębiorstwie budowy maszyn /
_cAndrzej Osyczka, Jan Szadkowski.
250 _aWyd.2.
260 _aKraków,
_c1977.
700 1 _aSZADKOWSKI, Jan
040 _cBPK
041 _apol
942 _cKS
008 s pl f |000 0 pol
999 _c17299
_d17299
856 _uhttp://koha.tu.koszalin.pl/cgi-bin/koha/opac-detail.pl?biblionumber=17299
_yKatalog online BPK